Hướng dẫn cấp cứu thông thường

Сохранить в:
Библиографические подробности
Соавтор: Hội chữ thập đỏ Việt Nam
Формат:
Язык:Vietnamese
Опубликовано: H. Y học 1978
Предметы:
Метки: Добавить метку
Нет меток, Требуется 1-ая метка записи!
Thư viện lưu trữ: Mạng thư viện Đại học Đà Nẵng
LEADER 00937nam a2200301 4500
001 000013577
003 9921
005 20120319090355.0
008 120319s1978 viesd
041 0 |a vie 
082 |a 616.02  |b HƯƠ 
110 |a Hội chữ thập đỏ Việt Nam 
245 0 |a Hướng dẫn cấp cứu thông thường 
260 |a H.  |b Y học  |c 1978 
300 |a 91 tr.  |c 19 cm 
653 |a Cấp cứu 
653 |a Hướng dẫn 
910 |a duyên 
OWN |a LSP 
AVA |a UDN50  |b LSP  |d 616.02 HƯƠ  |e available  |t Error 5001 Not defined in file expand_doc_bib_avail.  |f 2  |g 0  |h N  |i 0  |k 1 
999 |a From the UDN01 
AVA |a UDN50  |b LSP  |d 616.02 HƯƠ  |e available  |t Error 5001 Not defined in file expand_doc_bib_avail.  |f 2  |g 0  |h N  |i 0  |k 1 
TYP |a Monograph 
TYP |a Printed language 
980 |a Mạng thư viện Đại học Đà Nẵng